Pokémon - Les attaques de Tritosor - Statistiques

Statistiques générales
  • Ce quiz a été pris 11 fois
  • Le résultat moyen est 7 sur 11
Statistiques - réponses
Niveaux Types Noms des attaques % Correct
Départ Eau Pistolet à O
86%
Départ Sol Coud'Boue
71%
Niveau 46 Eau Danse Pluie
71%
Niveau 33 Eau Ocroupi
71%
Niveau 39 Sol Telluriforce
71%
Niveau 15 Eau Vibraqua
71%
Départ Normal Armure
57%
Niveau 20 Roche Pouvoir Antique
57%
Niveau 25 Normal Plaquage
43%
Niveau 53 Ténèbres Souvenir
43%
Départ Normal Soin
14%
Aucun quiz correspondant
Distribution des résultats
% des personnes avec chaque résultat
Percentile par nombre de réponses
Votre historique - résultats
Vous n’avez pas pris ce quiz